Sociologie des arts (notice n° 1505017)
[ vue normale ]
| 000 -LEADER | |
|---|---|
| fixed length control field | 01474cam a2200133 4500500 |
| 005 - DATE AND TIME OF LATEST TRANSACTION | |
| control field | 20250921001341.0 |
| 041 ## - LANGUAGE CODE | |
| Language code of text/sound track or separate title | fre |
| 042 ## - AUTHENTICATION CODE | |
| Authentication code | dc |
| 100 10 - MAIN ENTRY--PERSONAL NAME | |
| Personal name | Ravet, Hyacinthe |
| Relator term | author |
| 245 00 - TITLE STATEMENT | |
| Title | Sociologie des arts |
| 260 ## - PUBLICATION, DISTRIBUTION, ETC. | |
| Name of publisher, distributor, etc. | Armand Colin,<br/> |
| Date of publication, distribution, etc. | 2015.<br/> |
| 520 ## - SUMMARY, ETC. | |
| Summary, etc. | Qu’est-ce qu’une « œuvre » et comment peut-elle devenir une « œuvre d’art » ? Qui et quels mécanismes contribuent à définir sa valeur ? Qu’est-ce qu’une « artiste », un « créateur » ? Quel est le rôle de l’État dans la création ? Quels sont les publics des arts ? Et les amateurs ? Qu’est-ce qui construit les goûts artistiques et leur variété ? Et l’absence de goût pour la « culture » ? Pourquoi les arts contemporains font-ils l’objet de nombreux rejets ? Peut-on parler d’art « populaire » ?Plus généralement, qu’est-ce donc que l’« art » et comment s’inscrit-il dans le social ? Cet ouvrage présente les réponses essentielles de la sociologie à ces interrogations. Il aborde les questions relatives aux institutions et marchés de l’art, aux publics et à la formation des goûts, aux pratiques et professions artistiques.Il décrit également l’histoire de ce domaine disciplinaire ainsi que les débats qui le nourrissent. Il s’arrête sur les manières de faire, la façon de recueillir des matériaux et de les traiter. |
| 856 41 - ELECTRONIC LOCATION AND ACCESS | |
| Uniform Resource Identifier | <a href="https://shs.cairn.info/sociologie-des-arts--9782200285012?lang=fr&redirect-ssocas=7080">https://shs.cairn.info/sociologie-des-arts--9782200285012?lang=fr&redirect-ssocas=7080</a> |
Pas d'exemplaire disponible.




Réseaux sociaux